| 000 | 01347nam a2200289 a 4500 | ||
|---|---|---|---|
| 001 | BRCA_8773 | ||
| 005 | 20190320210414.0 | ||
| 008 | 310317s1775----sp-#######---#000-0#spa-# | ||
| 041 | _aspa | ||
| 044 | _asp | ||
| 084 |
_aBE137 _b.F54 1775 |
||
| 100 | 1 |
_aFlechier, Espiritu _d1632 - 1710 _921855 |
|
| 245 | 1 | 0 |
_aColección de oraciones fúnebres, pronunciadas por el Ilmo. Señor Espiritu Flecher, Obispo de Nimes, con un compendio de la vida del autor _ctraducidas al castellano por Don Juan de Arribas y Soria, Profesor de Theología en la Universidad de Alcalá, y Opositor à la Cathedra de Lengua Griega en los Reales Estudios de San Isidro. |
| 250 | _a2a ed. | ||
| 260 |
_aMadrid _bEn la Oficina de Antonio Fernández _c1775 |
||
| 300 |
_a[2], XXII, 249 p. (t.4) _c21 x 14.7 cm. |
||
| 500 | _aCon privilegio | ||
| 500 | _aEn portada: Se hallará en Casa de Manuel de Godos, Mercader de libros, en las Gradas de San Felipe el Real | ||
| 500 | _aEstado físico: presenta encuadernación en pergamino | ||
| 650 | 1 | 4 |
_aSermones fúnebres _921856 |
| 650 | 1 | 4 |
_aSermones franceses _xTraducciones al español _yObras anteriores a 1800 _921857 |
| 700 | 1 |
_aArribas y Soria, Juan de _etr. _921858 |
|
| 700 | 1 |
_aGodos, Manuel de _emercader de libros _921859 |
|
| 700 | 1 |
_aFernández, Antonio _eImpresor _921860 |
|
| 902 | _aCFM | ||
| 942 |
_2lcc _cB |
||
| 999 |
_c8424 _d8424 |
||